00505 a2200157 4500010001400000020002300014035001300037037001600050082001200066100002600078245009400104260004400198270005500242300002900297500002100326 aENG-89450 a8120334342c225.00 aEN-72983 bDBAD / PUB14a621.0421 aSolanki, Chetan Singh1 aRenewable energy technologies:cby Chetan Singh Solankiba practical guide for beginners/ aNew DelhibPrentice-Hall of Indiac2008 aM-97, Connaught Circus,bNew DelhicDelhie110001 axiv, 153p.c21 cm. (Pbk) aIncludes index.